American English file : Workbook 4

Motivating, real-word texts and task get students speaking. Practical English lessons with integrated video focus on everyday language; and vocabulary, grammar bank for extra reference and practice

সংরক্ষণ করুন:
গ্রন্থ-পঞ্জীর বিবরন
প্রধান লেখক: Oxenden, Clive
বিন্যাস: গ্রন্থ
ভাষা:Undetermined
প্রকাশিত: Oxford Oxford University Press 2009
বিষয়গুলি:
ট্যাগগুলো: ট্যাগ যুক্ত করুন
কোনো ট্যাগ নেই, প্রথমজন হিসাবে ট্যাগ করুন!
Thư viện lưu trữ: Trung tâm Học liệu Trường Đại học Cần Thơ
LEADER 00777nam a2200217Ia 4500
001 CTU_197251
008 210402s9999 xx 000 0 und d
020 |c 171000 
082 |a 428.0076 
082 |b O.98 
100 |a Oxenden, Clive 
245 0 |a American English file : 
245 0 |b Workbook 4 
245 0 |c Clive Oxenden, Christina Latham-Koenig 
260 |a Oxford 
260 |b Oxford University Press 
260 |c 2009 
520 |a Motivating, real-word texts and task get students speaking. Practical English lessons with integrated video focus on everyday language; and vocabulary, grammar bank for extra reference and practice 
650 |a English language,Tiếng Anh 
904 |i Nguyên 
980 |a Trung tâm Học liệu Trường Đại học Cần Thơ